000 00649nam a2200205Ii 4500
003 JO-AjNU
008 230605s9999||||xx |||||||||||||| ||und||
040 _aJO-AjNU
_bara
_erda
_cJO-AjNU
041 _aara
050 1 4 _aBP75.2.M382 1986
100 3 _aالشافعي، أبي الحسن علي بن محمد الماوردي ,
_eauthor
_910198
245 0 0 _aأعلام النبوة
250 _aط1
264 3 1 _aبيروت: دار الكتب العلمية، 1986
300 _a210ص
336 _atext
_btxt
_2rdacontent
337 _aunmediated
_bn
_2rdamedia
338 _avolume
_bnc
_2rdacarrier
650 4 _aقصص الانبياء
_910199
999 _aA1685
_c5253
_d5253